[Event "POL-ch sf"]
[Site "Karpacz"]
[Date "2023.12.05"]
[Round "2"]
[White "Liskiewicz, Jakub"]
[Black "Rog, Bartlomiej"]
[Result "0-1"]
[WhiteElo "1801"]
[BlackElo "2239"]
[PlyCount "40"]
[EventDate "2023.12.04"]
[EventType "swiss"]
[EventRounds "9"]
[EventCountry "POL"]
[SourceTitle "CB50_2023"]
[SourceDate "2023.12.13"]
[SourceVersion "1"]
[SourceVersionDate "2023.12.13"]
[SourceQuality "1"]

1. d4 e6 2. c4 d5 3. Nc3 c6 4. Bf4 dxc4 5. a4 Nf6 6. e3 b5 7. axb5 cxb5 8. Nxb5 Bb4+ 9. Nc3 Nd5 10. Nge2 0-0 11. Bg3 Nc6 12. Qc2 Qf6 13. Rd1 Rd8 14. Nc1 e5 15. Bxc4 Bf5 16. e4 Nxd4 17. Qd2 Nxc3 18. bxc3 Bxe4 19. Kf1 Nf5 20. Bxf7+ Qxf7 0-1

[Event "POL-ch U20"]
[Site "Chotowa"]
[Date "2023.10.25"]
[Round "3"]
[White "Walaszczyk, Aleksander"]
[Black "Rog, Bartlomiej"]
[Result "0-1"]
[WhiteElo "1731"]
[BlackElo "2168"]
[PlyCount "106"]
[EventDate "2023.10.24"]
[EventType "swiss"]
[EventRounds "9"]
[EventCountry "POL"]
[SourceTitle "Mega2024 Update 01"]
[Source "Chessbase"]
[SourceDate "2023.11.12"]
[SourceVersion "1"]
[SourceVersionDate "2023.11.12"]
[SourceQuality "1"]

1. e4 d6 2. d4 g6 3. Nf3 Bg7 4. Bc4 e6 5. Qe2 Ne7 6. Bb3 Nd7 7. h4 h6 8. c3 b6 9. Bf4 Bb7 10. Nbd2 Nc6 11. 0-0-0 Qe7 12. Rhe1 e5 13. Be3 exd4 14. cxd4 0-0-0 15. a3 Kb8 16. Qd3 Na5 17. Bd5 c6 18. Ba2 c5 19. Bd5 cxd4 20. Bxd4 Nc5 21. Qe3 Bxd4 22. Qxd4 Rc8 23. Kb1 Nc6 24. Qe3 Ne5 25. Nxe5 dxe5 26. Bxb7 Nxb7 27. Qg3 Qc5 28. Rc1 Qd4 29. Rxc8+ Rxc8 30. Nb3 Qd6 31. Qf3 Qe6 32. Rd1 Nd6 33. Qd3 Rc6 34. f3 Nc4 35. Qd8+ Rc8 36. Qd5 Qxd5 37. Rxd5 Ne3 38. Rd2 f5 39. Rd6 Rg8 40. g3 h5 41. Nd2 Kc7 42. Rd3 f4 43. gxf4 exf4 44. Rc3+ Kd7 45. Rc1 g5 46. hxg5 Rxg5 47. Rh1 Ke6 48. b3 Ke5 49. Rh4 Kd4 50. Rxf4 Kc3 51. Nc4 Rg1+ 52. Ka2 Nc2 53. Nb2 Ra1# 0-1

[Event "POL-ch U20"]
[Site "Chotowa"]
[Date "2023.10.24"]
[Round "1"]
[White "Haladaj, Adam1"]
[Black "Rog, Bartlomiej"]
[Result "0-1"]
[WhiteElo "1611"]
[BlackElo "2168"]
[PlyCount "80"]
[EventDate "2023.10.24"]
[EventType "swiss"]
[EventRounds "9"]
[EventCountry "POL"]
[SourceTitle "Mega2024 Update 01"]
[Source "Chessbase"]
[SourceDate "2023.11.12"]
[SourceVersion "1"]
[SourceVersionDate "2023.11.12"]
[SourceQuality "1"]

1. e4 Nc6 2. d4 d5 3. e5 Bf5 4. c3 f6 5. exf6 gxf6 6. Nf3 Qd7 7. Bf4 0-0-0 8. Bb5 e6 9. 0-0 Bd6 10. Bg3 Nge7 11. Nbd2 Rdg8 12. Re1 h5 13. Nh4 Bg4 14. f3 Bxg3 15. hxg3 Bf5 16. Nf1 Qd6 17. Qe2 Nd8 18. Bd3 Bxd3 19. Qxd3 Rxg3 20. Kf2 Rhg8 21. Ke2 Ng6 22. Nxg6 Rxg2+ 23. Kd1 R8xg6 24. Ne3 Rg1 25. Kc2 Rxe1 26. Rxe1 Qg3 27. Rf1 f5 28. Kb3 h4 29. Qe2 h3 30. Rf2 Rh6 31. Nf1 Qf4 32. a3 Nc6 33. Ka2 a6 34. Nh2 Kb8 35. Qd3 Rg6 36. Qf1 Rg3 37. Re2 e5 38. dxe5 Qc4+ 39. b3 Qxe2+ 40. Qxe2 Rg2 0-1

[Event "POL-chT 1st League"]
[Site "Leba"]
[Date "2023.10.01"]
[Round "9.4"]
[White "Rog, Bartlomiej"]
[Black "Bartel, Michal"]
[Result "1/2-1/2"]
[WhiteElo "2168"]
[BlackElo "2252"]
[PlyCount "79"]
[EventDate "2023.09.23"]
[EventType "team-swiss"]
[EventRounds "9"]
[EventCountry "POL"]
[SourceTitle "EXT 2024"]
[Source "ChessBase"]
[SourceDate "2023.10.10"]
[SourceVersion "1"]
[SourceVersionDate "2023.10.10"]
[SourceQuality "1"]
[WhiteTeam "Gorzow Wielkopolski Stilon"]
[BlackTeam "Wrzos Miedzyborow"]
[WhiteTeamCountry "POL"]
[BlackTeamCountry "POL"]

1. e4 e5 2. Nf3 Nc6 3. Bb5 Nge7 4. Nc3 Ng6 5. d4 Nxd4 6. Nxd4 exd4 7. Qxd4 c6 8. Be2 Qb6 9. Qd3 Be7 10. 0-0 0-0 11. a4 d6 12. a5 Qc7 13. f4 Bd7 14. g4 b5 15. f5 Ne5 16. Qg3 b4 17. Nd1 d5 18. Bf4 Rfe8 19. Kh1 Bd6 20. Ne3 f6 21. exd5 Nf7 22. Bc4 Re4 23. Bxd6 Qxd6 24. dxc6 Qxg3 25. hxg3 Bxc6 26. Bd5 Rxe3 27. Bxc6 Rc8 28. Rfe1 Rxg3 29. Bd5 Kf8 30. Bxf7 Kxf7 31. Rad1 Rc7 32. Re4 b3 33. c3 h5 34. gxh5 Rc5 35. Rd7+ Kg8 36. h6 Rxa5 37. hxg7 Rxg7 38. Rd8+ Kf7 39. Rd7+ Kf8 40. Rd8+ 1/2-1/2

[Event "POL-chT 1st League"]
[Site "Leba"]
[Date "2023.09.29"]
[Round "7.4"]
[White "Rog, Bartlomiej"]
[Black "Pniaczek, Marek"]
[Result "1-0"]
[WhiteElo "2168"]
[BlackElo "2143"]
[PlyCount "77"]
[EventDate "2023.09.23"]
[EventType "team-swiss"]
[EventRounds "9"]
[EventCountry "POL"]
[SourceTitle "EXT 2024"]
[Source "ChessBase"]
[SourceDate "2023.10.10"]
[SourceVersion "1"]
[SourceVersionDate "2023.10.10"]
[SourceQuality "1"]
[WhiteTeam "Gorzow Wielkopolski Stilon"]
[BlackTeam "Jastrzebie Zdroj Pionier"]
[WhiteTeamCountry "POL"]
[BlackTeamCountry "POL"]

1. e4 c5 2. Nf3 Nf6 3. e5 Nd5 4. Nc3 Nxc3 5. dxc3 Nc6 6. Bc4 Qc7 7. Bf4 e6 8. 0-0 h6 9. Qe2 b6 10. Rad1 Bb7 11. Ba6 0-0-0 12. Bxb7+ Kxb7 13. Bg3 g5 14. Nd2 d5 15. exd6 Bxd6 16. Bxd6 Rxd6 17. Nc4 Rxd1 18. Rxd1 Rd8 19. Rxd8 Qxd8 20. Qh5 f5 21. h3 b5 22. Ne3 Qf6 23. a4 a6 24. Qe8 Kb6 25. Qd7 h5 26. a5+ Nxa5 27. Qd6+ Kb7 28. Nd5 Qf7 29. Qb6+ Kc8 30. Qxa6+ Kb8 31. Qd6+ Kb7 32. Qb6+ Kc8 33. Qxc5+ Kb8 34. Qd6+ Kb7 35. Nb4 Qc7 36. Qa6+ Kb8 37. Qxa5 Qxa5 38. Nc6+ Kc7 39. Nxa5 1-0

[Event "POL-ch Rapid U18"]
[Site "Bydgoszcz"]
[Date "2023.08.30"]
[Round "10"]
[White "Rog, Bartlomiej"]
[Black "Wydmanski, Szymon"]
[Result "1-0"]
[WhiteElo "1965"]
[BlackElo "1778"]
[PlyCount "35"]
[EventDate "2023.08.28"]
[EventType "swiss"]
[EventRounds "11"]
[EventCountry "POL"]
[SourceTitle "EXT 2024"]
[Source "ChessBase"]
[SourceDate "2023.10.10"]
[SourceVersion "1"]
[SourceVersionDate "2023.10.10"]
[SourceQuality "1"]

1. e4 d5 2. exd5 Qxd5 3. Nc3 Qd6 4. d4 Nf6 5. Nf3 a6 6. g3 Bg4 7. Bg2 Nc6 8. 0-0 0-0-0 9. Bf4 Qd7 10. d5 Nb4 11. Qd4 Bxf3 12. Bxf3 e5 13. Bxe5 Nxc2 14. Qa7 Qf5 15. Bxf6 gxf6 16. Be4 Qh3 17. Bxc2 h5 18. Ba4 1-0

[Event "Ustron op-A"]
[Site "Ustron"]
[Date "2023.08.16"]
[Round "6"]
[White "Drazic, Sinisa"]
[Black "Rog, Bartlomiej"]
[Result "1-0"]
[WhiteElo "2330"]
[BlackElo "2193"]
[PlyCount "67"]
[EventDate "2023.08.11"]
[EventType "swiss"]
[EventRounds "9"]
[EventCountry "POL"]
[SourceTitle "CBM 215 Extra"]
[Source "ChessBase"]
[SourceDate "2023.09.30"]
[SourceVersion "1"]
[SourceVersionDate "2023.09.30"]
[SourceQuality "1"]

1. Nf3 d5 2. b3 Bg4 3. Bb2 Nf6 4. e3 e6 5. h3 Bxf3 6. Qxf3 Nbd7 7. g4 h6 8. Nc3 Bd6 9. Nb5 Be7 10. Qg3 0-0 11. Qxc7 Qxc7 12. Nxc7 Rac8 13. Nb5 Rxc2 14. Bc3 e5 15. Bd3 Rxc3 16. Nxc3 e4 17. Be2 Rc8 18. a3 Nc5 19. b4 Ne6 20. Bd1 d4 21. Ne2 Nd7 22. Rc1 Rxc1 23. Nxc1 Ne5 24. Bb3 Nc7 25. exd4 Nf3+ 26. Kd1 Nb5 27. Bd5 Nxa3 28. Bxe4 Nxd4 29. Bxb7 Bxb4 30. Re1 Nc4 31. Re8+ Kh7 32. Nd3 Ba5 33. Be4+ g6 34. Re7 1-0

[Event "Ustron op-A"]
[Site "Ustron"]
[Date "2023.08.14"]
[Round "5"]
[White "Rog, Bartlomiej"]
[Black "Chylewski, Patryk"]
[Result "0-1"]
[WhiteElo "2193"]
[BlackElo "2286"]
[PlyCount "48"]
[EventDate "2023.08.11"]
[EventType "swiss"]
[EventRounds "9"]
[EventCountry "POL"]
[SourceTitle "CBM 215 Extra"]
[Source "ChessBase"]
[SourceDate "2023.09.30"]
[SourceVersion "1"]
[SourceVersionDate "2023.09.30"]
[SourceQuality "1"]

1. Nf3 Nf6 2. c4 e6 3. g3 d5 4. Bg2 d4 5. e3 c5 6. exd4 cxd4 7. d3 Nc6 8. 0-0 h6 9. a3 a5 10. Re1 Bd6 11. Nbd2 0-0 12. Rb1 Re8 13. Qc2 a4 14. b4 axb3 15. Nxb3 e5 16. Nfd2 Bf5 17. Ne4 Bxe4 18. Bxe4 Nxe4 19. Rxe4 Bxa3 20. Bxa3 Rxa3 21. Qb2 Qa8 22. Nc5 Qa7 23. Qb6 Ra1 24. Kg2 Rxb1 0-1

[Event "Ustron op-A"]
[Site "Ustron"]
[Date "2023.08.11"]
[Round "1"]
[White "Hnydiuk, Aleksander"]
[Black "Rog, Bartlomiej"]
[Result "1-0"]
[WhiteElo "2345"]
[BlackElo "2193"]
[PlyCount "65"]
[EventDate "2023.08.11"]
[EventType "swiss"]
[EventRounds "9"]
[EventCountry "POL"]
[SourceTitle "CBM 215 Extra"]
[Source "ChessBase"]
[SourceDate "2023.09.30"]
[SourceVersion "1"]
[SourceVersionDate "2023.09.30"]
[SourceQuality "1"]

1. Nf3 g6 2. c4 Bg7 3. d4 Nf6 4. g3 c6 5. Nc3 d5 6. Qb3 0-0 7. Bg2 dxc4 8. Qxc4 Nbd7 9. 0-0 Nb6 10. Qd3 Nfd5 11. Rd1 Bg4 12. h3 Bxf3 13. Qxf3 Nxc3 14. bxc3 e5 15. a4 Re8 16. e3 a5 17. Qe2 Qc7 18. Qc2 Rab8 19. Rb1 Nd7 20. e4 c5 21. dxe5 Nxe5 22. f4 Nc6 23. Be3 b6 24. e5 Red8 25. Qb3 Kh8 26. Qb5 Na7 27. Rxd8+ Qxd8 28. Qa6 Qc7 29. Rd1 Bf8 30. Qd3 Nc6 31. Qd7 Rc8 32. Qxc7 Rxc7 33. Rb1 1-0

[Event "Paphos op 1st"]
[Site "Paphos"]
[Date "2023.04.10"]
[Round "6"]
[White "Rog, Bartlomiej"]
[Black "Alexakis, Dimitris"]
[Result "0-1"]
[WhiteElo "2205"]
[BlackElo "2436"]
[PlyCount "150"]
[EventDate "2023.04.07"]
[EventType "swiss"]
[EventRounds "9"]
[EventCountry "CYP"]
[SourceTitle "CBM 213 Extra"]
[Source "ChessBase"]
[SourceDate "2023.05.31"]
[SourceVersion "1"]
[SourceVersionDate "2023.05.31"]
[SourceQuality "1"]

1. e4 c5 2. Nc3 a6 3. Nf3 e6 4. Be2 b5 5. 0-0 Bb7 6. d4 cxd4 7. Qxd4 Nc6 8. Qe3 Na5 9. Rd1 Rc8 10. a3 Nc4 11. Bxc4 Rxc4 12. Ne5 Rc7 13. Qg3 Nf6 14. Be3 d6 15. Nf3 Rxc3 16. bxc3 Nxe4 17. Qh3 Nxc3 18. Re1 Be7 19. Bd4 Bf6 20. Bxf6 Qxf6 21. Ne5 Nd5 22. Nd3 0-0 23. Rab1 Rc8 24. a4 Nc3 25. Rb4 Nxa4 26. Rf4 Qg5 27. Rg4 Qf5 28. Qg3 g6 29. Rd4 Rxc2 30. Qxd6 Kg7 31. Qe7 Qf6 32. Qd6 Rd2 33. Qb4 a5 34. Qxa5 Rxf2 35. Nxf2 Qxd4 36. Qxb5 Qd5 37. Qxd5 Bxd5 38. Rc1 Nb2 39. Rc7 g5 40. Ng4 Nc4 41. Nf2 Ne3 42. g3 Kg6 43. Nd3 f6 44. h4 h6 45. hxg5 hxg5 46. Nf2 Kf5 47. Rc8 g4 48. Rg8 e5 49. Rg7 Bf3 50. Nd3 Ke4 51. Nc5+ Kd4 52. Nb3+ Kc3 53. Nc5 e4 54. Re7 f5 55. Rd7 Nc2 56. Ne6 e3 57. Rc7+ Kd2 58. Rd7+ Kc3 59. Rc7+ Kd2 60. Rd7+ Ke1 61. Nf4 Be4 62. Rd8 Na3 63. Rd4 Nb5 64. Ra4 Nc3 65. Ra1+ Kd2 66. Kf1 e2+ 67. Nxe2 Bd3 68. Ra7 Bxe2+ 69. Kg2 Bf3+ 70. Kh2 Be4 71. Ra3 Ne2 72. Rb3 Ke1 73. Ra3 Kf2 74. Ra1 Nxg3 75. Rg1 Nf1+ 0-1

[Event "Bassano del Grappa Vergani Cup"]
[Site "Bassano del Grappa"]
[Date "2023.02.04"]
[Round "7"]
[White "Rog, Bartlomiej"]
[Black "Loiacono, Leonardo"]
[Result "1/2-1/2"]
[WhiteElo "2039"]
[BlackElo "2297"]
[PlyCount "54"]
[EventDate "2023.02.01"]
[EventType "swiss"]
[EventRounds "9"]
[EventCountry "ITA"]
[SourceTitle "CBM 212 Extra"]
[Source "ChessBase"]
[SourceDate "2023.03.31"]
[SourceVersion "1"]
[SourceVersionDate "2023.03.31"]
[SourceQuality "1"]

1. c4 g6 2. g3 Bg7 3. Bg2 c5 4. Nc3 Nc6 5. e4 d6 6. Nge2 e6 7. 0-0 Nge7 8. d3 a6 9. Be3 Nd4 10. a3 Nxe2+ 11. Qxe2 Nc6 12. Qd2 0-0 13. Rab1 b6 14. b4 Ra7 15. f4 Nd4 16. Ne2 f5 17. Bxd4 cxd4 18. Rfc1 Rc7 19. exf5 gxf5 20. a4 Qe7 21. a5 bxa5 22. b5 axb5 23. cxb5 Bb7 24. Rxc7 Qxc7 25. b6 Qd7 26. Bxb7 Qxb7 27. Qxa5 Qf3 1/2-1/2

[Event "Bassano del Grappa Vergani Cup"]
[Site "Bassano del Grappa"]
[Date "2023.02.02"]
[Round "3"]
[White "Rog, Bartlomiej"]
[Black "Seo, Jung Min"]
[Result "0-1"]
[WhiteElo "2039"]
[BlackElo "2509"]
[PlyCount "60"]
[EventDate "2023.02.01"]
[EventType "swiss"]
[EventRounds "9"]
[EventCountry "ITA"]
[SourceTitle "CBM 212 Extra"]
[Source "ChessBase"]
[SourceDate "2023.03.31"]
[SourceVersion "1"]
[SourceVersionDate "2023.03.31"]
[SourceQuality "1"]

1. Nf3 Nf6 2. c4 g6 3. Nc3 Bg7 4. g3 c5 5. Bg2 Nc6 6. d4 cxd4 7. Nxd4 h5 8. h3 0-0 9. 0-0 d6 10. e3 Bd7 11. b3 Qa5 12. Bd2 Qb6 13. Re1 Rfe8 14. Rc1 Rad8 15. Nde2 Nb4 16. Nf4 e5 17. Ncd5 Nfxd5 18. Nxd5 Nxd5 19. cxd5 e4 20. Bc3 Rc8 21. Bxg7 Kxg7 22. Rxc8 Rxc8 23. Qa1+ f6 24. Bxe4 Bxh3 25. Rc1 Qb4 26. Rxc8 Qxe4 27. Rc7+ Kh6 28. f3 Qxf3 29. Qb2 Qxg3+ 30. Kh1 Bg4 0-1

[Event "POL-ch U16"]
[Site "Jastrzebia Gora"]
[Date "2023.??.??"]
[Round "1"]
[White "Trzebinski, Patryk"]
[Black "Rog, Bartlomiej"]
[Result "0-1"]
[WhiteElo "1826"]
[BlackElo "2127"]
[PlyCount "64"]
[EventDate "2023.03.11"]
[EventType "swiss"]
[EventRounds "9"]
[EventCountry "POL"]
[SourceTitle "CBM 213 Extra"]
[Source "ChessBase"]
[SourceDate "2023.05.31"]
[SourceVersion "1"]
[SourceVersionDate "2023.05.31"]
[SourceQuality "1"]

1. e4 Nc6 2. Nf3 d6 3. d4 Nf6 4. Nc3 Bg4 5. Be3 g6 6. Be2 Bg7 7. d5 Bxf3 8. gxf3 Nb8 9. Qd2 c6 10. Bh6 Bxh6 11. Qxh6 Qb6 12. 0-0-0 Qxf2 13. e5 dxe5 14. d6 Nbd7 15. dxe7 Qc5 16. Rhe1 Qxe7 17. Bc4 0-0-0 18. f4 e4 19. Qg7 Rhf8 20. Rd4 Qc5 21. Red1 Qf5 22. Ne2 b5 23. Bb3 c5 24. Rd6 c4 25. Qh6 cxb3 26. axb3 Qh5 27. Qxh5 Nxh5 28. Nd4 Nb6 29. Nxb5 Rxd6 30. Nxd6+ Kc7 31. Nxe4 Nxf4 32. Rf1 Ne6 0-1

[Event "EU-ch Rapid"]
[Site "Katowice"]
[Date "2022.12.18"]
[Round "10"]
[White "Rog, Bartlomiej"]
[Black "Kubicka, Anna"]
[Result "1/2-1/2"]
[WhiteElo "1969"]
[BlackElo "2217"]
[PlyCount "111"]
[EventDate "2022.12.17"]
[EventType "swiss (rapid)"]
[EventRounds "11"]
[EventCountry "POL"]
[SourceTitle "CBM 211 Extra"]
[Source "ChessBase"]
[SourceDate "2023.01.31"]
[SourceVersion "1"]
[SourceVersionDate "2023.01.31"]
[SourceQuality "1"]

1. Nf3 Nf6 2. c4 g6 3. g3 Bg7 4. Bg2 0-0 5. d4 d6 6. 0-0 Nc6 7. Nc3 Bg4 8. h3 Bxf3 9. exf3 e5 10. d5 Nd4 11. f4 Nd7 12. fxe5 Nxe5 13. b3 f5 14. Be3 Ndf3+ 15. Bxf3 Nxf3+ 16. Qxf3 Bxc3 17. Rac1 Be5 18. Bf4 Qf6 19. Rce1 Rae8 20. Bxe5 dxe5 21. d6 e4 22. Qd1 cxd6 23. Qd5+ Rf7 24. Rd1 Re6 25. c5 dxc5 26. Qxc5 b6 27. Qc8+ Rf8 28. Qc7 Re7 29. Rd7 Rxd7 30. Qxd7 Rf7 31. Qc8+ Kg7 32. Rd1 f4 33. Rd7 fxg3 34. Rxf7+ Qxf7 35. Qc3+ Qf6 36. Qxg3 Kh6 37. Qc7 a5 38. Qb7 Qe6 39. Kg2 g5 40. Qb8 Qf6 41. Qb7 Qg6 42. Qe7 Kh5 43. Qe5 Qc6 44. Kh2 Kg6 45. a3 h6 46. b4 axb4 47. axb4 b5 48. Qe7 Kf5 49. Kg1 Qe6 50. Qh7+ Kf4 51. Qc7+ Qe5 52. Qf7+ Qf5 53. Qc7+ Qe5 54. Qf7+ Qf5 55. Qc7+ Qe5 56. Qf7+ 1/2-1/2

[Event "EU-ch Blitz"]
[Site "Katowice"]
[Date "2022.12.16"]
[Round "17"]
[White "Monroy, Charles"]
[Black "Rog, Bartlomiej"]
[Result "1-0"]
[WhiteElo "2395"]
[BlackElo "1969"]
[PlyCount "73"]
[EventDate "2022.12.16"]
[EventType "swiss (blitz)"]
[EventRounds "22"]
[EventCountry "POL"]
[SourceTitle "CBM 211 Extra"]
[Source "ChessBase"]
[SourceDate "2023.01.31"]
[SourceVersion "1"]
[SourceVersionDate "2023.01.31"]
[SourceQuality "1"]

1. Nf3 d5 2. d4 Nf6 3. c4 e6 4. g3 dxc4 5. Bg2 a6 6. 0-0 Nc6 7. Bg5 Be7 8. e3 Rb8 9. Nbd2 b5 10. Rc1 Nb4 11. Ne5 Bb7 12. Bxb7 Rxb7 13. a3 Nd3 14. Nxd3 cxd3 15. Bxf6 Bxf6 16. Ne4 0-0 17. Qxd3 Be7 18. Rc6 Qd5 19. Rfc1 Rc8 20. Rxa6 c5 21. Nxc5 Rbc7 22. b4 g6 23. Qxb5 e5 24. Qc4 Qf3 25. Re1 exd4 26. exd4 Rd8 27. Qe2 Qxe2 28. Rxe2 Bf8 29. Rd2 Bg7 30. d5 Bf8 31. Ra5 Rcc8 32. Rb5 Rd6 33. a4 Rcd8 34. a5 Rxd5 35. Rxd5 Rxd5 36. a6 Bxc5 37. Rxc5 1-0

[Event "EU-ch Blitz"]
[Site "Katowice"]
[Date "2022.12.16"]
[Round "15"]
[White "Rog, Bartlomiej"]
[Black "Vega Gutierrez, Sabrina Neide"]
[Result "1-0"]
[WhiteElo "1969"]
[BlackElo "2361"]
[PlyCount "91"]
[EventDate "2022.12.16"]
[EventType "swiss (blitz)"]
[EventRounds "22"]
[EventCountry "POL"]
[SourceTitle "CBM 211 Extra"]
[Source "ChessBase"]
[SourceDate "2023.01.31"]
[SourceVersion "1"]
[SourceVersionDate "2023.01.31"]
[SourceQuality "1"]

1. Nf3 d5 2. c4 e6 3. g3 Nf6 4. Bg2 Be7 5. 0-0 0-0 6. d4 c6 7. b3 a5 8. Qd3 b6 9. Bb2 b5 10. Nbd2 bxc4 11. bxc4 Na6 12. e4 Rb8 13. Bc3 Bb4 14. e5 Nd7 15. Rab1 Nb6 16. a3 Bxc3 17. Qxc3 c5 18. Qxa5 Nxc4 19. Nxc4 dxc4 20. Qc3 Rxb1 21. Rxb1 cxd4 22. Nxd4 Qc7 23. Nb5 Qc5 24. Nd6 Bd7 25. h4 f6 26. Rb7 Rd8 27. Qxc4 fxe5 28. Qxc5 Nxc5 29. Rc7 Na6 30. Ra7 Nc5 31. Ra5 Nd3 32. Nc4 Rc8 33. Nxe5 Rc1+ 34. Kh2 Be8 35. Nxd3 Rc2 36. Re5 Bg6 37. Nf4 Bf5 38. Re2 Rc3 39. Nxe6 Rxa3 40. Nd4 Ra5 41. Nxf5 Rxf5 42. Bh3 Rf6 43. Kg2 h6 44. Re7 Ra6 45. Be6+ Kh7 46. Bf5+ 1-0

[Event "EU-ch Blitz"]
[Site "Katowice"]
[Date "2022.12.16"]
[Round "16"]
[White "Vega Gutierrez, Sabrina Neide"]
[Black "Rog, Bartlomiej"]
[Result "0-1"]
[WhiteElo "2361"]
[BlackElo "1969"]
[PlyCount "61"]
[EventDate "2022.12.16"]
[EventType "swiss (blitz)"]
[EventRounds "22"]
[EventCountry "POL"]
[SourceTitle "CBM 211 Extra"]
[Source "ChessBase"]
[SourceDate "2023.01.31"]
[SourceVersion "1"]
[SourceVersionDate "2023.01.31"]
[SourceQuality "1"]

1. e4 c6 2. d4 d5 3. e5 c5 4. dxc5 e6 5. a3 Bxc5 6. b4 Bb6 7. Nf3 Nc6 8. Bd3 Nge7 9. 0-0 0-0 10. Re1 Ng6 11. Bb2 Bd7 12. Nbd2 Rc8 13. c4 Nf4 14. Bf1 dxc4 15. Nxc4 Bc7 16. Qd2 Nd5 17. Bd3 Nce7 18. Rad1 Ng6 19. g3 Ba4 20. Rc1 Qe7 21. h4 Rfd8 22. h5 Nf8 23. Qe2 Bb5 24. Qe4 Nb6 25. Nd4 Bxc4 26. Bxc4 Nxc4 27. Rxc4 Bb6 28. Rec1 Rxc4 29. Rxc4 Qg5 30. Qe2 Nd7 31. Kg2 0-1

[Event "POL-ch sf"]
[Site "Karpacz"]
[Date "2022.12.11"]
[Round "9"]
[White "Madej, Marek"]
[Black "Rog, Bartlomiej"]
[Result "0-1"]
[WhiteElo "2169"]
[BlackElo "1969"]
[PlyCount "80"]
[EventDate "2022.12.03"]
[EventType "swiss"]
[EventRounds "9"]
[EventCountry "POL"]
[SourceTitle "CBM 211 Extra"]
[Source "ChessBase"]
[SourceDate "2023.01.31"]
[SourceVersion "1"]
[SourceVersionDate "2023.01.31"]
[SourceQuality "1"]

1. e4 g6 2. d4 d6 3. Nf3 Bg7 4. Bc4 Nf6 5. Nc3 0-0 6. Bb3 Bg4 7. Be3 Nc6 8. Qd2 e5 9. d5 Bxf3 10. gxf3 Nd4 11. Bxd4 exd4 12. Ne2 Nd7 13. 0-0-0 Qh4 14. Qe1 f5 15. Nxd4 fxe4 16. Ne6 Rxf3 17. Qb4 Qf6 18. Nxg7 Qxg7 19. Qxb7 Nb6 20. Rhe1 Re8 21. Re2 a5 22. Qc6 Qd7 23. Qxd7 Nxd7 24. Ba4 Re7 25. Bxd7 Rxd7 26. Rd4 Rh3 27. Rdxe4 Rxh2 28. Ra4 h5 29. Kd2 h4 30. f3 Rh1 31. Rxa5 Rh7 32. Ra7 Kf8 33. Re6 h3 34. Rf6+ Ke8 35. Re6+ Kd7 36. Re4 h2 37. Rc4 Kc8 38. Ra8+ Kb7 39. Rca4 Rd1+ 40. Kc3 Rxd5 0-1

[Event "POL-ch sf"]
[Site "Karpacz"]
[Date "2022.12.09"]
[Round "7"]
[White "Backiel, Hubert"]
[Black "Rog, Bartlomiej"]
[Result "1/2-1/2"]
[WhiteElo "2208"]
[BlackElo "1969"]
[PlyCount "69"]
[EventDate "2022.12.03"]
[EventType "swiss"]
[EventRounds "9"]
[EventCountry "POL"]
[SourceTitle "CBM 211 Extra"]
[Source "ChessBase"]
[SourceDate "2023.01.31"]
[SourceVersion "1"]
[SourceVersionDate "2023.01.31"]
[SourceQuality "1"]

1. d4 Nf6 2. c4 e6 3. Nc3 Bb4 4. e3 c5 5. Nf3 b6 6. Be2 Bb7 7. Bd2 0-0 8. a3 Bxc3 9. Bxc3 Ne4 10. Rc1 Nxc3 11. Rxc3 d6 12. 0-0 Nc6 13. Qd2 Qf6 14. Rd3 Rad8 15. Rd1 e5 16. dxe5 dxe5 17. Qc3 Rxd3 18. Bxd3 Rd8 19. Rd2 Qe7 20. Be4 f6 21. h3 Na5 22. Bxb7 Nxb7 23. Rd5 Rxd5 24. cxd5 Nd6 25. Nd2 Qb7 26. e4 Qa6 27. f4 Qe2 28. fxe5 Nb5 29. Qc4 Qxd2 30. Qxb5 Qe3+ 31. Kh1 Qc1+ 32. Kh2 Qf4+ 33. Kh1 Qc1+ 34. Kh2 Qf4+ 35. Kh1 1/2-1/2

[Event "POL-ch sf"]
[Site "Karpacz"]
[Date "2022.12.06"]
[Round "4"]
[White "Goluch, Piotr"]
[Black "Rog, Bartlomiej"]
[Result "1-0"]
[WhiteElo "2345"]
[BlackElo "1969"]
[PlyCount "119"]
[EventDate "2022.12.03"]
[EventType "swiss"]
[EventRounds "9"]
[EventCountry "POL"]
[SourceTitle "CBM 211 Extra"]
[Source "ChessBase"]
[SourceDate "2023.01.31"]
[SourceVersion "1"]
[SourceVersionDate "2023.01.31"]
[SourceQuality "1"]

1. e4 c5 2. Nf3 d6 3. d4 cxd4 4. Nxd4 Nf6 5. Nc3 a6 6. Nb3 Nc6 7. Be2 g6 8. Be3 Bg7 9. g4 b5 10. g5 Nd7 11. Qd2 Nb6 12. 0-0-0 Ne5 13. Bd4 Nec4 14. Bxc4 Nxc4 15. Qd3 Bxd4 16. Nxd4 Bb7 17. h4 e5 18. Nb3 Qb6 19. Nd2 Nxd2 20. Rxd2 0-0-0 21. a4 b4 22. Nd5 Bxd5 23. Qxd5 Qb7 24. Qc4+ Kb8 25. Rd5 Rd7 26. Rhd1 Rhd8 27. a5 Rc8 28. Qb3 Rdc7 29. R1d2 Rc5 30. Kb1 Rxd5 31. Rxd5 Rc6 32. f3 Kc8 33. Qa4 Kd7 34. Rd3 Ke7 35. Rb3 Rc4 36. c3 Qd7 37. Qxd7+ Kxd7 38. Rxb4 Rc5 39. Ra4 d5 40. exd5 Rxd5 41. Kc2 Ke6 42. b4 f6 43. Ra1 fxg5 44. hxg5 e4 45. Re1 Rxg5 46. Rxe4+ Kd6 47. c4 h5 48. Kc3 Rg3 49. Rd4+ Kc6 50. Rf4 g5 51. Rf6+ Kb7 52. Kd4 g4 53. b5 gxf3 54. b6 Rg8 55. c5 h4 56. c6+ Kb8 57. Rxf3 Rh8 58. Rf7 h3 59. Ra7 Rh4+ 60. Kc3 1-0